[Event "Washington Congress 3rd"]
[Site "Arlington"]
[Date "2016.10.08"]
[Round "4"]
[White "Drozdowski, Kacper"]
[Black "Belous, Vladimir"]
[Result "0-1"]
[WhiteElo "2507"]
[BlackElo "2585"]
[Annotator "Belous,V"]
[PlyCount "68"]
[EventDate "2016.10.05"]
[EventType "swiss"]
[EventRounds "9"]
[EventCountry "USA"]
[SourceTitle "CBM 176"]
[Source "ChessBase"]
[SourceDate "2017.01.17"]
[SourceVersion "1"]
[SourceVersionDate "2017.01.17"]
[SourceQuality "1"]

1. e4 c5 2. Nf3 Nc6 3. Nc3 {At that moment, I realised that my opponent had
tried to prepare, since he avoided my favourite line that occurs after 3.d4 cd
4.Nd4 e5} g6 4. d4 cxd4 5. Nxd4 Bg7 6. Be3 Nf6 7. Bc4 O-O 8. Bb3 {Drozdowski
has had a lot of games in this line.} a5 {The last move was suggested by a
friend of mine, while we were preparing for the game.} 9. f3 $6 {That was the
desired reply, which is not the best continuation for White.} (9. O-O {I have
some experience playing this line and I am sure that White has an easy time
finding squares for his pieces, whereas Black needs to be quite inventive in
doing so.} d6 (9... a4 10. Nxa4 Nxe4 11. Nb5 Ra6 (11... d5 $5 12. Bb6 (12. Nb6
$6 Ra5) 12... Qd7 13. Qe2 $1 {A very important move. Otherwise, Black has good
play.} (13. f3 Ne5 14. Nc7 Rxa4 15. Bxa4 (15. fxe4 Rxe4 16. Qxd5 Qc6 $11) 15...
Qxa4 16. Nxd5 Nf6 17. Nxe7+ Kh8 $13) (13. Nc7 Rxa4 14. Bxa4 Bxb2 15. Qxd5 Bxa1
16. Qxe4 Bg7 17. Nd5 e6 18. Nb4 Qd2 19. Nxc6 bxc6 20. Qxc6 Ba6 21. Rb1 Rb8 $44)
13... Ne5 14. Rad1 e6 15. Bd4 $1 $16 {and the amount of tactical ideas for
White is overwhelming.}) 12. Qe2 d6 13. c4 Be6 14. Rad1 $14 {with a
comfortable position.}) 10. Ndb5 b6 11. a4 $14 {and White is beyond any risk
whatsoever.}) 9... d5 10. exd5 (10. Nxd5 $2 Nxd5 11. exd5 Nxd4 12. Bxd4 e5 13.
Bf2 $8 a4 14. Bc4 Qc7 15. Qe2 e4 16. O-O-O $1 (16. O-O exf3 17. gxf3 Bxb2 18.
Rad1 Be5 $1 $15)) (10. Bxd5 Nxd5 11. Nxd5 (11. exd5 Nb4 12. Nde2 e6 13. Qd2 (
13. dxe6 $2 Bxe6 14. a3 Nd5 15. Nxd5 Bxd5 $17) 13... exd5 14. a3 d4 15. Nxd4 (
15. O-O-O $2 Nxc2 $1 16. Qxc2 Bf5 17. Qb3 (17. Ne4 Rc8 18. N2c3 Qb6 19. Bf2 Be6
$1 $19) 17... dxc3 18. Rxd8 cxb2+ 19. Kd2 Raxd8+ $19) 15... Bxd4 16. axb4 Bxe3
17. Qxe3 Bf5 18. O-O Bxc2 19. bxa5 Rxa5 20. Rxa5 Qxa5 $11) 11... f5 $1 12. Nxc6
bxc6 13. Nb6 Rb8 14. Qxd8 Rxd8 15. Rd1 Rxd1+ 16. Kxd1 fxe4 17. Nxc8 Rxc8 18. b3
exf3 19. gxf3 $11) 10... Nb4 11. Nde2 ({Another possible reaction was} 11. Ndb5
$6 {but after} a4 {White faces quite an unpleasant choice.} {Then, even after
the correct move} 12. Nxa4 ({After} 12. Bc4 {Black, by making a series of
strong moves, obtains a prevailing position.} Bf5 $1 ({not} 12... Bd7 13. Na3
$5 b5 14. Be2 Rc8 15. Bd4 $1 {White is still holding on!}) 13. Rc1 Bd7 $1 {here
} 14. Na3 {doesn't work due to} (14. O-O Bxb5 15. Nxb5 (15. Bxb5 Nfxd5 16. Nxd5
Qxd5 $17) 15... Nfxd5 16. Bf2 Rc8 17. Bxd5 (17. b3 Nxa2 18. Qxd5 Qxd5 19. Bxd5
Nxc1 20. Rxc1 Bb2 21. Re1 a3 $17) 17... Nxd5 $15) 14... b5 $1 15. Be2 Rc8 16.
Bd4 Bh6 $1 {and the d5-pawn is predestined to go to heaven on the next move.})
{Black is still able to get a better position, by the means of} 12... Nfxd5 13.
Bf2 {and} Bd7 $1 14. c4 Bxb5 15. cxb5 Rxa4 $1 16. Bxa4 Bxb2 17. O-O Bxa1 18.
Qxa1 Nd3 19. Qd4 Nxf2 20. Rxf2 e6 21. Bb3 Qa5 $15 {[%cal Gf8d8] and Black's
pieces are dominating the board.}) 11... a4 12. Nxa4 (12. Bc4 $2 Bf5 13. Nd4
Qc7 {gives advantage to Black, even after the correct series of difficult
moves for White.} ({The first engine line} 13... a3 $5 {may be even stronger,
since after} 14. b3 {Black has the crucial resource} b5 $1 {which blows up
White's position.} 15. Ncxb5 (15. Ndxb5 Nxc2+ $19) (15. Bxb5 Nfxd5 $19) 15...
Nfxd5 16. Bf2 Nxc2+ $1 $17) 14. Qe2 $8 (14. Be2 $2 a3 $19) 14... Rfc8 15. a3 $8
{Black can continue either} Nxc2+ ({or} 15... Qxc4 $17) 16. Nxc2 Qxc4 $17)
12... Nfxd5 13. Bd4 $2 {White falls right into a trap.} ({White should have
played} 13. Bf2 $1 {Nonetheless, after} Bf5 {he still would have faced some
difficulties.} 14. a3 (14. O-O b5 15. Nac3 (15. Nc5 Bxb2 16. Rb1 Bg7 17. g4 Bc8
18. a4 bxa4 19. Nxa4 $14) 15... Nxc3 16. Nxc3 Qxd1 17. Raxd1 (17. Rfxd1 Bxc2
18. Bxc2 Nxc2 19. Rac1 Bxc3 20. Rxc2 Bf6 $11) 17... Bxc2 18. Bxc2 Nxc2 19. Nd5
e6 20. Ne7+ Kh8 21. Rd2 Nb4 22. a3 Rfe8 $11) 14... Nxc2+ 15. Bxc2 Qa5+ 16. b4
Nxb4 17. axb4 Qxb4+ 18. Qd2 Qxd2+ 19. Kxd2 Bxa1 20. Rxa1 Bxc2 21. Kxc2 b5 22.
Nec3 Rfc8 $11) 13... Bf5 $1 14. Bxg7 $6 {Not the strongest, but a reasonable
move.} ({Such moves as} 14. Qd2 {are very difficult to make without seeing the
14th move for Black that was played in the game. In addition to that, it was
clear to me that after} Bxc2 15. Bxc2 Nxc2+ 16. Qxc2 Bxd4 17. Nxd4 Nb4 ({even} 
17... Ne3 $5 18. Qd2 Rxa4 19. Qxe3 Rxd4 $15 {leads to a better position for
Black.}) 18. Qb3 Rxa4 $1 {[%csl Rd4] Black is dominating the board.}) 14...
Bxc2 $1 15. Bxc2 $6 {Another inaccuracy.} ({And yet, making the move} 15. Qd2
$5 {requires more than just sang-froid.} Bxb3 16. Bxf8 (16. axb3 Kxg7 17. O-O
e5 $17) 16... Nc2+ 17. Kf2 Rxa4 18. Bh6 (18. axb3 Qb6+ 19. Kg3 Qd6+ 20. Kh3
Rxa1 21. Rxa1 Nxa1 22. Bh6 Nxb3 $19) 18... Qb6+ {After this move all chess
player would most likely stop any further calculations. The king has to
proceed by moving to g3! Nevertheless, according to the engine, the position
still remains unclear.} 19. Kg3 $8 Qd6+ 20. Kf2 Nxa1 21. Rxa1 Qb6+ 22. Kg3 Rxa2
23. Rxa2 Bxa2 24. Nc3 $15) 15... Ne3 $1 16. Qxd8 (16. Be4 {was an interesting
resource, but wouldn't come as a surprise, unlike the next move for Black,
which was also part of my preparation.} Qa5 $1 {after such discouraging moves
games typically don't last very long. Even after the best moves for White,
Black still remains very much in charge.} (16... Nxd1 $2 17. Rxd1 Kxg7 (17...
Qa5 $2 18. Bxf8 Nxa2+ 19. Nac3 Nxc3 20. Nxc3 $16) 18. Rxd8 Rfxd8 $13) 17. Nac3
(17. Qd2 Nbc2+ 18. Bxc2 Nxc2+ 19. Kd1 Rfd8 20. Bd4 Nxa1 21. Qxa5 Rxa5 22. b3 e5
23. Kd2 b5 24. Rxa1 bxa4 {Black should manage to win the game.}) 17... Nxd1 18.
Bxf8 Nxc3 19. bxc3 Kxf8 20. cxb4 Qxb4+ 21. Kf1 (21. Kf2 f5 22. Bd3 Ra3 23. Rhd1
Qd6 $1 $19) 21... f5 22. Bd3 Ra3 23. Bc2 Qb2 24. Rc1 Rc3 $1 25. Rb1 Qxc2 26.
Nxc3 Qxc3 27. Kf2 Qd2+ 28. Kg3 f4+ 29. Kg4 Qxa2 $19) 16... Nexc2+ 17. Kf2 Rfxd8
18. Nb6 Ra6 $1 {Up to this moment I was executing my home preparation. Now,
the only question is whether Black has enough to win the game or not.} 19. Bc3
Nd3+ (19... Rxb6 {was an attractive alternative.} 20. Bxb4 (20. Rab1 Nd3+ 21.
Kg3 Ne3 22. h3 Ra8 23. a3 f6 $17) 20... Nxb4 21. b3 {I didn't think during the
game that the resulting position is so much better for Black. The computer,
however, is more than confident and calmly states that Black is winning.} (21.
Rhd1 Rxd1 22. Rxd1 Nxa2 $19) 21... Rd2 $1 22. Rhd1 Rxa2 $19 (22... Rb2 $19 {
[%csl Ra2][%cal Gb6e6]})) 20. Kg3 Nxa1 21. Rxa1 Rxb6 22. Ba5 Rxb2 23. Bxd8 Rxe2
24. Rd1 $1 {This move came unexpectedly.} (24. Rb1 $2 {During the game I
thought that this was the best possible move for white and calculated a very
nice line against it:} e5 $1 25. Rxb7 (25. Bf6 Nf4 26. Rxb7 Nh5+) 25... Nf4 {
[%csl Rg3][%cal Gh7h6,Re2g2,Gg6g5] setting up a mating web.} 26. Kh4 (26. Bf6
$4 Nh5+) 26... Kg7 (26... Rxg2 $2 27. Bf6 Rxh2+ 28. Kg3 Rg2+ 29. Kh4 g5+ $17)
27. Bg5 Nxg2+ 28. Kg3 Ne1 $19) 24... Nb4 ({Unfortunately, the move} 24... Ne1 {
brings no happiness to Black.} 25. Ba5 $1 {The knight has to go to c2.
Everything else only gives chances to White.} Nc2 (25... Nxg2 $4 26. Rd2 Rxd2 (
26... Re5 27. Rd8+ Kg7 28. Bc3 $18) 27. Bxd2 $18) (25... Rxg2+ $2 26. Kh3) 26.
Bb6 $17) 25. Rb1 (25. Rd7 Nc6 $19) 25... Nc6 26. Bc7 Rxa2 27. Rxb7 f6 {Tedious
and very unpleasant defence is awating White at the end of every single trail.}
28. h4 Re2 29. Bf4 Nd4 30. Kh3 Re1 31. Kh2 Re2 32. Kh3 Kf7 33. Rb4 Nf5 34. g4
Ng7 {And Black eventually won.} 0-1

[Event "Smederevska Palanka"]
[Site "Smederevska Palanka"]
[Date "1982.??.??"]
[Round "6"]
[White "Sax, Gyula"]
[Black "Haik, Aldo"]
[Result "1-0"]
[WhiteElo "2550"]
[BlackElo "2440"]
[Annotator "Belov,I"]
[PlyCount "85"]
[EventDate "1982.06.??"]
[EventType "tourn"]
[EventRounds "13"]
[EventCountry "YUG"]
[EventCategory "9"]
[SourceTitle "MCL"]
[Source "ChessBase"]
[SourceDate "1999.07.01"]
[SourceVersion "1"]
[SourceVersionDate "1999.07.01"]
[SourceQuality "1"]

1. e4 c5 2. Nf3 Nc6 3. d4 cxd4 4. Nxd4 Nf6 5. Nc3 g6 6. Be3 Bg7 7. Bc4 O-O 8.
Bb3 a5 9. f3 (9. a4 Ng4 10. Qxg4 Nxd4 $10) 9... d5 $5 10. exd5 (10. Bxd5 Nxd5
11. exd5 Nb4 $10) 10... Nb4 11. Nde2 a4 12. Nxa4 Nfxd5 13. Bf2 Rxa4 $6 (13...
Bf5 $142 14. O-O b5 15. Nac3 Nxc3 16. Nxc3 Qxd1 17. Rfxd1 Bxc2 18. Bxc2 Nxc2
19. Rac1 Bxc3 20. Rxc2 Bf6 $10 {Matulovic,M-Ristoja,T/Helsinki/1981/}) 14. Bxa4
Qa5 15. O-O $1 Rd8 (15... Qxa4 16. c3 $1 $16) 16. a3 Na6 17. Bb3 Bxb2 (17...
Ne3 18. Qe1 Qxe1 19. Rfxe1 $18) 18. Qe1 $1 Qxe1 19. Raxe1 $16 Nf6 (19... Bxa3
$2 20. Rd1 Be6 21. c4 $18) 20. Rd1 Re8 21. a4 Ba3 22. Nc3 Be6 $6 (22... Bc5
$142) 23. Bxe6 fxe6 24. Nb5 Bc5 25. Rfe1 Kf7 26. Nd4 $1 Nc7 27. Rb1 b6 28. Nc6
Bxf2+ 29. Kxf2 Nd7 30. Ne5+ Nxe5 31. Rxe5 Ra8 32. Rxb6 Rxa4 33. Rc6 $18 Ra7 34.
c4 Ke8 35. Rec5 $5 (35. Re2 Kd7 36. Rb6 Ra4 37. Rc2 $18) 35... Kd7 36. Rxc7+ $1
(36. Ke3 Ne8) 36... Rxc7 37. Rxc7+ Kxc7 38. h4 $1 (38. Ke3 Kd6 39. Kd4 e5+ 40.
Ke4 Kc5 41. Kxe5 Kxc4 42. Ke6 Kd3 43. Kxe7 Ke3 44. Kf6 Kf2 45. Kg7 Kxg2 46.
Kxh7 Kxf3 $1 47. Kxg6 Kg4 $10) 38... Kd6 39. Ke3 Ke5 (39... Kc5 40. Kd3 e5 41.
Kc3 h6 42. Kd3 Kb4 43. Ke4 Kxc4 44. Kxe5 Kd3 45. Ke6 Ke3 46. Kxe7 Kf2 47. Kf6
Kxg2 48. Kxg6 Kxf3 49. Kxh6 $18) 40. f4+ Kf5 (40... Kd6 41. Kd4 $18) 41. c5 $1
e5 42. c6 exf4+ 43. Kd4 (43. Kd4 Ke6 44. Kc5 g5 45. Kb6 gxh4 46. c7 Kd7 47. Kb7
$18) 1-0

[Event "Gothenburg Manhem"]
[Site "Gothenburg"]
[Date "2011.08.17"]
[Round "5"]
[White "Berg, Emanuel"]
[Black "Bejtovic, Jasmin"]
[Result "1-0"]
[WhiteElo "2604"]
[BlackElo "2415"]
[Annotator "Berg,E"]
[PlyCount "119"]
[EventDate "2011.08.13"]
[EventType "tourn"]
[EventRounds "9"]
[EventCountry "SWE"]
[EventCategory "10"]
[SourceTitle "CBM 143 Extra"]
[Source "ChessBase"]
[SourceDate "2011.08.29"]
[SourceVersion "1"]
[SourceVersionDate "2011.08.29"]
[SourceQuality "1"]

1. e4 c5 2. Nf3 Nc6 3. d4 cxd4 4. Nxd4 g6 5. Nc3 Bg7 6. Be3 Nf6 7. Bc4 Qa5 8.
O-O O-O 9. Nb3 {An interesting aternative to the somewhat more popular move} (
9. Bb3) 9... Qc7 10. Bg5 {White prepares to take on f6 at a certain moment.
This idea can be executed if Black plays ...d6 as then he will be forced to
recapture with the pawn on f6.} a6 {Black starts queenside action and prepares
for ...b5.} (10... d6 {might not be too bad, but after} 11. Bxf6 Bxf6 12. Nd5
Qd8 13. Nxf6+ exf6 14. Nd4 {1-0 Ibarra Jerez,J (2413)-Tikkanen,H (2371)/
Chalkidiki 2003/EXT 2004 (35). White has a better pawn structure and can
comfortably press on for a win without any risks.}) 11. Be2 {This move is
aimed against ...b5.} d6 {A big surprise since my opponent had played 11.e6 in
two games previously. My first thought was that this would give White a nice
advantage after Bxf6 similar to the line mentioned above. However I soon
realised that having the moves ...a6 and Be2 included clearly favours Black.} (
11... b5 $6 {gives White a better game after} 12. a4 $1 b4 ({The pawn sacrifice
} 12... Rb8 {was tried successfully by GM Kjetil Lie, but after} 13. axb5 axb5
{White has the improvement} 14. Qd2 $1 $14 {with some advantage} ({Instead} 14.
Nxb5 {was played, when} Qe5 15. Bxf6 Qxf6 {gave Black interesting play and
some compensation for the pawn in form of the pair of bishops and active piece
play.})) 13. Nd5 Nxd5 14. exd5 Qe5 15. f4 Qe3+ 16. Kh1 Nd4 17. Nxd4 Qxd4 18.
Bf3 Qxd1 19. Raxd1 Bxb2 20. d6 Rb8 21. dxe7 Re8 22. f5 $14 {1-0 Cheparinov,I 
(2529)-Garcia Luengo,L (2295)/Collado Villalba 2003/EXT 2004 (32)}) 12. Qd2 ({
The logical reply} 12. Bxf6 exf6 {is not at all bad for Black. White's only
trumps are the d5-square and Black's somewhat vulnerable d-pawn. However this
is fully compensated for by Black's bishop pair and White's lack of piece
coordination. Practice has shown that Back has nothing to worry about here.}
13. Nd5 (13. Qd2 Ne7 14. Rad1 f5 15. Bf3 Be5 16. exf5 Bxf5 17. Nd4 Bd7 18. Nd5
Nxd5 19. Bxd5 Bc6 20. Bb3 Qb6 21. Kh1 Rad8 22. f4 Bf6 23. Nf3 a5 24. f5 a4 25.
Bc4 Qxb2 26. fxg6 hxg6 27. Ng5 Rd7 28. Bd3 Kg7 29. Qf4 Rh8 30. Nf3 Qxa2 31.
Rde1 Qb2 32. c3 Qxc3 33. Re3 Qc5 34. Be4 a3 35. Bxc6 bxc6 36. Re2 Ra7 37. g4 a2
38. g5 a1=Q {0-1 Karjakin,S (2635)-Ivanchuk,V (2739)/Warsaw 2005/CBM 108})
13... Qd8 {Here I didn't find any convinient way for White to continue. Black
has an easy plan in ...Re8 and ..f5 which could see no way to prevent. The N
on b3 is akwardly placed and neither the B on e2 is perfect.}) (12. a4 {
is another approach that has been tried for White by Areshchenko and Hector
with good results.}) 12... Be6 13. f4 b5 14. Bf3 $146 ({Earlier White has only
tried} 14. Kh1 {in one game.} {Instead} b4 {looks like a good improvement for
Black} ({In the game there followed} 14... Rfd8 15. Nd5 Bxd5 16. exd5 Nb8 $6 (
16... Ne4 $1) 17. Bf3 Nbd7 18. Nd4 {0-1 Grabarska,B (2240)-Borg,A (2131)/Bad
Wiessee 2001/EXT 2003 (50). With slightly better prospects for White.}) {After}
15. Nd5 Bxd5 16. exd5 Ne4 17. Qe3 Nxg5 18. fxg5 Na5 19. Nd4 Qb7 {Black has a
solid pawn structure and a comfortable position.}) 14... Bc4 15. Rfd1 {
Prevents ...e5 and prepares for Nd5.} ({I was tempted to play} 15. Rfe1 {
but then I didn't like} e5) 15... Rac8 16. Kh1 {Securing the king's position
before going for central action.} Rfd8 (16... Rfe8 $5) 17. Nd5 Nxd5 (17... Bxd5
$6 18. exd5 Nb8 19. Nd4 {is exactly what White is looking for, when he has the
bishop pair and a nice outpost for his N on c6.}) 18. exd5 Bxb3 19. axb3 Nd4 {
Correctly Black is choosing an active plan. The N on d4 is excellently placed.
At the same time d4 is no secure outpost, so he has to be careful not to run
out of squares.} 20. Be4 Qb7 {Black defends a6 and prepares ...f5 to conquer
the d5-pawn.} 21. Bh4 (21. Qf2 f5 22. Bd3 Qxd5 23. Rxa6 {was a possible
alternative.}) (21. b4 Re8) 21... f5 22. Bd3 Qxd5 23. Bxe7 {During the game it
felt very logical to eliminate this central pawn, but Black gets very concrete
counterplay.} (23. Rxa6 $5 Qb7 24. Raa1 $14 {seems to be stronger as pointed
out by my computer engine}) 23... Re8 24. Bh4 Qb7 25. b4 (25. Re1 Ne6 26. c3
Nc5 27. Bc2 d5 {gives Black a nice outpost for his N on e4.}) 25... Ne6 26. c3
{Planning Bc2-b3.} d5 $1 {Black is just in time to stop White from taking full
control over the d5-square.} 27. Rac1 $6 {A safety move in time trouble which
gives away White's initiative.} ({A stronger move was} 27. Be2 d4 28. Bf3 Qb6
29. cxd4 {when the opening of the position favours White's pair of bishops.}) (
{Also interesting is} 27. Bc2 $5 d4 28. Bb3 {which I considered during the
game, but did not have enough time to calculate through.} {After} dxc3 (28...
Kh8 {is probably the best way to continue for Black.}) 29. bxc3 Bxc3 (29...
Rxc3 30. Rab1 $14 {[%csl Gb3,Gh4][%cal Yb3g8,Gd1e1,Gd2d6] looks very promising
for White.}) 30. Qa2 $36 {White's huge initiative will soon force Black to
give up material.}) 27... Qc7 28. Bg3 {A sad move to have to be played, but g3
was even less tempting.} h5 (28... Bh6 $5 29. Rf1 d4 30. c4) 29. Bc2 d4 (29...
h4 $5 {was an interesting approach for Black, but it is also risky to open up
for the white pair of bishops. After} 30. Bxh4 Qxf4 31. Qxf4 Nxf4 32. g3 $1 Ne2
33. Ra1 d4 34. Rxa6 {White grabs the initiative.}) 30. cxd4 Qd6 ({The queen
sacrifice} 30... Nxd4 $5 {looked rather interesting to me during the time
trouble over the board, but after the correct defence} 31. Bxf5 Qxc1 32. Rxc1
Rxc1+ 33. Qxc1 Nxf5 {[%csl Gf5,Rh1][%cal Gg8h7]} 34. Qd2 $16 {White is simply
better.}) 31. Bb3 Rxc1 32. Rxc1 Kh7 33. Re1 Qd7 (33... Nc7 34. d5) 34. Bf2 (34.
Bxe6 Rxe6 35. d5 {was a much better option, when White has a clear extra pawn.}
) 34... Nc7 35. Rxe8 Nxe8 36. d5 Nd6 {Black has managed to get a nice blockade
and should have enough counterplay for a draw.} 37. Bd4 (37. Bc5) 37... Ne4 38.
Qe3 Bxd4 39. Qxd4 Qc7 40. g3 $1 Qc1+ 41. Kg2 Qe1 (41... Nd2 42. Qd3 Qxb2 43.
Qe2 $1 {[%csl Gd5]} Qc3 (43... Qd4 $4 44. Qe7+ Kg8 (44... Kh6 45. d6 Nxb3 46.
d7 Qd5+ 47. Kh3 Qf3 48. d8=Q Qf1+ 49. Kh4 $18)) 44. Qe7+ Kh6 45. Bd1 Qc4 46.
Qf8+ Kh7 47. Qf7+ {Was one possible way to a draw for Black.}) 42. Bd1 $5 {
A try to keep the game going and setting out a trap for Black.} (42. Qa7+ Kh6
43. Qd4 Qe2+ 44. Kg1 Qe1+ $11 {forces a draw.}) 42... Nd2 (42... h4 $5 43. Qa7+
(43. d6 hxg3 44. d7 gxh2 45. Qh8+ Kxh8 46. d8=Q+ Kg7 47. Qe7+ Kh6 48. Qf8+ Kh7
49. Qe7+ $11) (43. gxh4 Nd2 44. Qd3 (44. Qa7+ Kh6 45. Qg1 Qe4+ 46. Kg3 Qd3+ $15
) 44... Qxd1 45. d6 Qg4+ 46. Kh1 Ne4 47. Qd4 Qxh4 48. d7 Qd8 $19 {[%csl Rd7]
[%cal Ge4f6]}) 43... Kh6 44. Qd4 $11) 43. Qd3 Nc4 (43... Ne4 44. Qd4 $11 (44.
d6 $2 Qf2+ 45. Kh3 (45. Kh1 Nxd6 $15) 45... Qg1 {[%csl Rh3][%cal Ge4f2]} 46. d7
Nf2+ 47. Kh4 Nxd3 48. d8=Q Qxh2+ 49. Kg5 Qxg3+ 50. Kf6 Qh4+ $19) (44. Bf3 Qxb4
45. Bxe4 fxe4 46. Qc2 Kh6 47. Kh3 e3 48. Qc8 Qxb2 49. Qxa6 (49. d6 e2) 49...
Qb1 (49... e2 50. f5 Qg7 51. Qe6 b4 52. Qe3+ Kh7 53. Qxe2) 50. Qf6 Kh7 51. d6
Qf1+ 52. Kh4 Qd1 53. Qe6 Kh6 54. d7 b4 55. Kh3 b3 56. Qe7 Qg4+ 57. Kg2 Qe2+ 58.
Kh3 $11)) (43... Qxd1 $4 44. d6 $18) 44. Be2 Qxb4 $4 {Finally a blunder from
Black, that gives the game to White.} (44... Nd6 45. Bf3 Qxb4 46. Qe2 {[%cal
Gg2h3,Ge2e7] would hold a draw, although it is still possible to play on for a
few moves.}) (44... Kg8 {would also be enough for equality.}) 45. Qd4 $1 {
This was the move that my opponent had missed. Now White is winning.} Qe1 (
45... Qxb2 46. Qxb2 Nxb2 47. d6 $18 {[%csl Gd6]}) (45... h4 {was another way
to search for counterplay. Here White should continue} 46. Kf2 $1 Qd6 47. Bxc4
bxc4 (47... hxg3+ 48. hxg3 bxc4 49. Kf1 $16 {[%csl Rc4]}) 48. gxh4 $16) 46.
Bxc4 bxc4 47. Qxc4 Qd1 (47... Qd2+ 48. Kh3 Qxb2 49. d6 $18 {[%csl Gd6]}) ({
Once again} 47... h4 {looks like a better try to create counterplay.}) 48. Qc7+
Kh6 49. Qe5 $1 {After this move the rest is simple for White as he can now
cover the check on e2 avoiding possible perpetuals.} Kh7 50. d6 Qd2+ 51. Kh3
Qd1 52. Qe7+ Kh6 53. Qf8+ Kh7 54. Qf7+ Kh6 55. Qf8+ Kh7 56. Qe7+ Kh6 57. d7
Qf1+ 58. Kh4 Qf2 59. Qf8+ Kh7 60. Kg5 1-0